00445nam a2200145Ia 4500003000900000008004100009040001600050080001900066100002400085245010000109260003900209300001600248650001600264650001900280IN-BaIIA211028s9999 xx 000 0 eng d cIIA Library a51(091)bSMI-2 aSmith, David Eugene 2aA souce book in mathematicsbvol. 2cDavid Eugene Smith  aNew YorkbDover Publicationsc1929 axiii, 710p. aMathematics aNASA Thesaurus